Biblioteca y Centro de Documentación

I Trattati Commerciali Fra Globalizzazione E Capitalismi Nazionali (Registro nro. 50011)

Detalles MARC
000 -CABECERA
Longitud fija campo de control 01026naa a2200265 c 4500
001 - NÚMERO DE CONTROL
Número de control 50011
003 - IDENTIFICADOR DE NÚMERO DE CONTROL
Identificador del número de control ES-MaCES
005 - FECHA Y HORA DE LA ÚLTIMA TRANSACCIÓN
Fecha y hora de la última transacción 20171005110649.0
008 - CAMPO FIJO DE DESCRIPCIÓN FIJA--INFORMACIÓN GENERAL
Códigos de información de longitud fija   171005s2017 it ||||| t||||||| ||ita d
040 ## - FUENTE DE CATALOGACIÓN
Centro catalogador de origen ES-MaCES
Lengua de catalogación spa
Centro transcriptor ES-MaCES
Centro modificado ES-MaCES
245 02 - MENCIÓN DE TÍTULO
Título I Trattati Commerciali Fra Globalizzazione E Capitalismi Nazionali
650 #4 - ASIENTO SECUNDARIO DE MATERIA--TÉRMINO DE MATERIA
9 (RLIN) 27958
Término de materia o nombre geográfico como elemento inicial comercio internacional
650 #4 - ASIENTO SECUNDARIO DE MATERIA--TÉRMINO DE MATERIA
9 (RLIN) 27965
Término de materia o nombre geográfico como elemento inicial relaciones comerciales
650 #4 - ASIENTO SECUNDARIO DE MATERIA--TÉRMINO DE MATERIA
9 (RLIN) 27963
Término de materia o nombre geográfico como elemento inicial convenio comercial
650 #4 - ASIENTO SECUNDARIO DE MATERIA--TÉRMINO DE MATERIA
9 (RLIN) 30653
Término de materia o nombre geográfico como elemento inicial globalización económica
650 #4 - ASIENTO SECUNDARIO DE MATERIA--TÉRMINO DE MATERIA
9 (RLIN) 29223
Término de materia o nombre geográfico como elemento inicial nuevo orden económico internacional
650 #4 - ASIENTO SECUNDARIO DE MATERIA--TÉRMINO DE MATERIA
9 (RLIN) 27142
Término de materia o nombre geográfico como elemento inicial empresa multinacional
650 #4 - ASIENTO SECUNDARIO DE MATERIA--TÉRMINO DE MATERIA
9 (RLIN) 27126
Término de materia o nombre geográfico como elemento inicial nacionalismo
650 #4 - ASIENTO SECUNDARIO DE MATERIA--TÉRMINO DE MATERIA
9 (RLIN) 29875
Término de materia o nombre geográfico como elemento inicial derechos económicos y sociales
650 #4 - ASIENTO SECUNDARIO DE MATERIA--TÉRMINO DE MATERIA
9 (RLIN) 26684
Término de materia o nombre geográfico como elemento inicial derecho internacional
653 10 - TÉRMINO DE INDEXACIÓN--NO CONTROLADO
Término no controlado Comercio internacional
773 0# - ENTRADA DE DOCUMENTO FUENTE
Itemnumber del ítem fuente 86265
Lugar, editor y fecha de publicación Bologna (Strada Maggiore, 37, 40125) Il Mulino
Otro identificador del documento 089162
Título Stato e mercato
Número de control del registro relacionado (ES-MaCES)25280
Parte(s) relacionada(s) n. 109 (apr. 2017/1) {10267 R. 089162} ;p. 3-132
902 ## - CES. TIPO DE DOCUMENTO
Tipodoc (006$c Sirtex) MON Monográfico de revista
942 ## - ELEMENTOS KOHA
Fuente de clasificaión o esquema Clasificación propia del CES
Koha [por defecto] tipo de item Artículos (1982-2017)
Parte de clasificación Economía

No hay ítems disponibles.

© CES, Consejo Económico y Social de España 2021